000 00640nam a2200229Ia 4500
003 OSt
005 20220928123930.0
006 a|||||r|||| 00| 0
007 ta
008 220927b |||||||| |||| 00| 0 eng d
024 _a34105
037 _cAnnuals, Advances
040 _aSDCL
_cSDCL
_beng
041 _2eng
_aeng
082 _aQ25:221:g, 2000
100 _aKaushik Harish
_9462415
245 0 _aDevibhagavat puran
_bEk parisheelan
260 _aDelhi
_bNirman Prakashan
_c2000
300 _axv,250p.
_ccm.
942 _hQ25:221:g, 2000
_cREF
_2CC
999 _c775402
_d775402